<?xml version="1.0" encoding="UTF-8"?>
<record
    xmlns:xsi="http://www.w3.org/2001/XMLSchema-instance"
    xsi:schemaLocation="http://www.loc.gov/MARC21/slim http://www.loc.gov/standards/marcxml/schema/MARC21slim.xsd"
    xmlns="http://www.loc.gov/MARC21/slim">

  <leader>02764nam a2200289 a 4500</leader>
  <controlfield tag="001">000012903</controlfield>
  <controlfield tag="003">DO-SdBNP</controlfield>
  <controlfield tag="005">20160901084033.0</controlfield>
  <controlfield tag="007">000012903</controlfield>
  <controlfield tag="008">091118s2010    dr ac         000 0 spa d</controlfield>
  <datafield tag="020" ind1=" " ind2=" ">
    <subfield code="a">994540010X (v. 1)</subfield>
  </datafield>
  <datafield tag="020" ind1=" " ind2=" ">
    <subfield code="a">9945400118  (v. 2)</subfield>
  </datafield>
  <datafield tag="020" ind1=" " ind2=" ">
    <subfield code="a">9945400126 (v. 3)</subfield>
  </datafield>
  <datafield tag="020" ind1=" " ind2=" ">
    <subfield code="a">9945400134 (v. 4)</subfield>
  </datafield>
  <datafield tag="040" ind1=" " ind2=" ">
    <subfield code="a">BPMSU</subfield>
    <subfield code="b">spa</subfield>
    <subfield code="c">BPMSU</subfield>
  </datafield>
  <datafield tag="092" ind1=" " ind2=" ">
    <subfield code="a">xxxx</subfield>
    <subfield code="b">xxxx</subfield>
  </datafield>
  <datafield tag="245" ind1="0" ind2="0">
    <subfield code="a">Lengua  :</subfield>
    <subfield code="b">educaci&#xF3;n media /</subfield>
    <subfield code="c"> Olimpia S&#xE1;nchez... [et al ] ; fotograf&#xED;as Deyanira F&#xE9;liz Moreno ; ilustraciones Ram&#xF3;n Sandoval </subfield>
  </datafield>
  <datafield tag="260" ind1=" " ind2=" ">
    <subfield code="a">Santo Domingo :</subfield>
    <subfield code="b">Actualidad Escolar 2000,</subfield>
    <subfield code="c">2010</subfield>
  </datafield>
  <datafield tag="300" ind1=" " ind2=" ">
    <subfield code="a">4v. :</subfield>
    <subfield code="b">il. ;</subfield>
    <subfield code="c">29  cm.</subfield>
  </datafield>
  <datafield tag="500" ind1=" " ind2=" ">
    <subfield code="a">Cada volumen contiene la gu&#xED;a metodol&#xF3;gica </subfield>
  </datafield>
  <datafield tag="505" ind1="0" ind2=" ">
    <subfield code="g">v. 1 : Primer ciclo</subfield>
    <subfield code="t">ciudadanos e inmigrantes --</subfield>
    <subfield code="t">Cazador de tendencias  --</subfield>
    <subfield code="t">Las predicciones de Julio Verne  --</subfield>
    <subfield code="t">Premiar&#xE1;n calidad en gesti&#xF3;n p&#xFA;blica --</subfield>
    <subfield code="t">Las islas Galapagos   --</subfield>
    <subfield code="t">Turismo y comunidad  --</subfield>
    <subfield code="t">Educaci&#xF3;n y medio de comunicaci&#xF3;n  --</subfield>
    <subfield code="t">El papel de los intelectuales en la sociedad  --</subfield>
    <subfield code="t">El hombre se posee en la medida que posee su lenguaje  --</subfield>
    <subfield code="t">Ronda por el cuento brev&#xED;simo --</subfield>
    <subfield code="t">Guayo o rayador  ta&#xED;no  --</subfield>
    <subfield code="t">Pulsaciones magn&#xE9;ticas que afectan el cerebro  --</subfield>
    <subfield code="g">v. 2 : Primer ciclo</subfield>
    <subfield code="t">Primeras graduadas del Instituto de Se&#xF1;oritas Salom&#xE9; Ure&#xF1;a --</subfield>
    <subfield code="t">Un encuentrro en la playa --</subfield>
    <subfield code="t">Ouro preto --</subfield>
    <subfield code="t">El hombre --</subfield>
    <subfield code="t">La Vega  --</subfield>
    <subfield code="t">Hay un pa&#xED;s en el mundo --</subfield>
    <subfield code="t">Pol&#xE9;mica sobre los test gen&#xE9;ticos en selecci&#xF3;n de personal --</subfield>
    <subfield code="t">Los resultados macroecon&#xF3;micos del 2005 --</subfield>
    <subfield code="t">El petr&#xF3;leo en nuestra vida  --</subfield>
    <subfield code="t">La agropecuaria mueve el 84% de la econom&#xED;a en Ocoa  --</subfield>
    <subfield code="t">Ca&#xF1;as y bueyes --</subfield>
    <subfield code="t">La belleza masculina : un punto pol&#xE9;mico --</subfield>
    <subfield code="g">v. 3 : Segundo ciclo </subfield>
    <subfield code="t">De lo que pas&#xF3; a un mozo que se cas&#xF3; con una mujer fuerte brava --</subfield>
    <subfield code="t">&#xBF; C&#xF3;mo prevenir las causas que determinan una crisis econ&#xF3;mica? --</subfield>
    <subfield code="t">Desp&#xFA;es de todo quiz&#xE1;s seamos hermanos  --</subfield>
    <subfield code="t">La lteratura, &#xBF;para qu&#xE9;? --</subfield>
    <subfield code="t">El doctor Zhivago --</subfield>
    <subfield code="t">RD pasar&#xE1; sin trauma el reto del libre comercio  --</subfield>
    <subfield code="t">El destino manifiesto  --</subfield>
    <subfield code="t">Am&#xE9;rica --</subfield>
    <subfield code="t">La soledad de Am&#xE9;rica Latina --</subfield>
    <subfield code="t">Los tres que echaron a Pedro en el pozo --</subfield>
    <subfield code="t">Como si siempre les preocupara algo --</subfield>
    <subfield code="t">La Rep&#xFA;blica entre yerros y complicidades  --</subfield>
    <subfield code="g">v. 4 : Segundo ciclo </subfield>
    <subfield code="t">Ciudades sin peatones --</subfield>
    <subfield code="t">Las trampas de la econom&#xED;a  --</subfield>
    <subfield code="t">Los hombres y las matem&#xE1;ticas  --</subfield>
    <subfield code="t">El oro y la paz  --</subfield>
    <subfield code="t">Los amansadores --</subfield>
    <subfield code="t">Entre Lucas y Juan Mej&#xED;a  --</subfield>
    <subfield code="t">Documentos oficiales --</subfield>
    <subfield code="t">Prosa po&#xE9;tica. G&#xE9;nero policial --</subfield>
    <subfield code="t">Si alguien quiere saber cu&#xE1;l es mi patria --</subfield>
    <subfield code="t">Bol&#xED;var --</subfield>
    <subfield code="t">La fiesta del chivo --</subfield>
    <subfield code="t">Medame Bovary -- </subfield>
    <subfield code="t">Otra manera de ser emigrante </subfield>
  </datafield>
  <datafield tag="700" ind1="1" ind2="2">
    <subfield code="a">S&#xE1;nchez, Olimpia </subfield>
  </datafield>
  <datafield tag="700" ind1="1" ind2="2">
    <subfield code="a"> F&#xE9;liz Moreno, Deyanira</subfield>
    <subfield code="e">fot. </subfield>
  </datafield>
  <datafield tag="700" ind1="1" ind2="2">
    <subfield code="a">Sandoval, Ram&#xF3;n </subfield>
    <subfield code="e">il. </subfield>
  </datafield>
  <datafield tag="942" ind1=" " ind2=" ">
    <subfield code="2">ddc</subfield>
    <subfield code="c">BK</subfield>
  </datafield>
  <datafield tag="952" ind1=" " ind2=" ">
    <subfield code="0">0</subfield>
    <subfield code="1">0</subfield>
    <subfield code="2">ddc</subfield>
    <subfield code="4">0</subfield>
    <subfield code="7">0</subfield>
    <subfield code="8">DOM</subfield>
    <subfield code="a">BPMET</subfield>
    <subfield code="b">BPMET</subfield>
    <subfield code="d">2015-09-10</subfield>
    <subfield code="l">0</subfield>
    <subfield code="p">BPMET15090034</subfield>
    <subfield code="r">2015-09-10</subfield>
    <subfield code="t">v. 1</subfield>
    <subfield code="w">2015-09-10</subfield>
    <subfield code="y">BK</subfield>
  </datafield>
  <datafield tag="952" ind1=" " ind2=" ">
    <subfield code="0">0</subfield>
    <subfield code="1">0</subfield>
    <subfield code="2">ddc</subfield>
    <subfield code="4">0</subfield>
    <subfield code="7">0</subfield>
    <subfield code="8">DOM</subfield>
    <subfield code="a">BPMET</subfield>
    <subfield code="b">BPMET</subfield>
    <subfield code="d">2015-09-10</subfield>
    <subfield code="l">0</subfield>
    <subfield code="p">BPMET15090035</subfield>
    <subfield code="r">2015-09-10</subfield>
    <subfield code="t">V. 1, e. 2</subfield>
    <subfield code="w">2015-09-10</subfield>
    <subfield code="y">BK</subfield>
  </datafield>
  <datafield tag="952" ind1=" " ind2=" ">
    <subfield code="0">0</subfield>
    <subfield code="1">0</subfield>
    <subfield code="2">ddc</subfield>
    <subfield code="4">0</subfield>
    <subfield code="7">0</subfield>
    <subfield code="8">DOM</subfield>
    <subfield code="a">BPMET</subfield>
    <subfield code="b">BPMET</subfield>
    <subfield code="d">2015-09-10</subfield>
    <subfield code="l">0</subfield>
    <subfield code="p">BPMET15090036</subfield>
    <subfield code="r">2015-09-10</subfield>
    <subfield code="t">v. 2</subfield>
    <subfield code="w">2015-09-10</subfield>
    <subfield code="y">BK</subfield>
  </datafield>
  <datafield tag="952" ind1=" " ind2=" ">
    <subfield code="0">0</subfield>
    <subfield code="1">0</subfield>
    <subfield code="2">ddc</subfield>
    <subfield code="4">0</subfield>
    <subfield code="7">0</subfield>
    <subfield code="8">DOM</subfield>
    <subfield code="a">BPMET</subfield>
    <subfield code="b">BPMET</subfield>
    <subfield code="d">2015-09-10</subfield>
    <subfield code="l">0</subfield>
    <subfield code="p">BPMET15090037</subfield>
    <subfield code="r">2015-09-10</subfield>
    <subfield code="t">v. 3</subfield>
    <subfield code="w">2015-09-10</subfield>
    <subfield code="y">BK</subfield>
  </datafield>
  <datafield tag="952" ind1=" " ind2=" ">
    <subfield code="0">0</subfield>
    <subfield code="1">0</subfield>
    <subfield code="2">ddc</subfield>
    <subfield code="4">0</subfield>
    <subfield code="7">0</subfield>
    <subfield code="8">DOM</subfield>
    <subfield code="a">BPMET</subfield>
    <subfield code="b">BPMET</subfield>
    <subfield code="d">2015-09-10</subfield>
    <subfield code="l">0</subfield>
    <subfield code="p">BPMET15090038</subfield>
    <subfield code="r">2015-09-10</subfield>
    <subfield code="t">v. 3, e. 2</subfield>
    <subfield code="w">2015-09-10</subfield>
    <subfield code="y">BK</subfield>
  </datafield>
  <datafield tag="952" ind1=" " ind2=" ">
    <subfield code="0">0</subfield>
    <subfield code="1">0</subfield>
    <subfield code="2">ddc</subfield>
    <subfield code="4">0</subfield>
    <subfield code="7">0</subfield>
    <subfield code="8">DOM</subfield>
    <subfield code="a">BPMET</subfield>
    <subfield code="b">BPMET</subfield>
    <subfield code="d">2015-09-10</subfield>
    <subfield code="l">0</subfield>
    <subfield code="p">BPMET15090039</subfield>
    <subfield code="r">2015-09-10</subfield>
    <subfield code="t">v. 4</subfield>
    <subfield code="w">2015-09-10</subfield>
    <subfield code="y">BK</subfield>
  </datafield>
  <datafield tag="952" ind1=" " ind2=" ">
    <subfield code="0">0</subfield>
    <subfield code="1">0</subfield>
    <subfield code="2">ddc</subfield>
    <subfield code="4">0</subfield>
    <subfield code="7">0</subfield>
    <subfield code="8">DOM</subfield>
    <subfield code="a">BPMET</subfield>
    <subfield code="b">BPMET</subfield>
    <subfield code="d">2015-09-10</subfield>
    <subfield code="l">0</subfield>
    <subfield code="p">BPMET15090040</subfield>
    <subfield code="r">2015-09-10</subfield>
    <subfield code="t">V. 1, parte 2</subfield>
    <subfield code="w">2015-09-10</subfield>
    <subfield code="y">BK</subfield>
  </datafield>
  <datafield tag="952" ind1=" " ind2=" ">
    <subfield code="0">0</subfield>
    <subfield code="1">0</subfield>
    <subfield code="2">ddc</subfield>
    <subfield code="4">0</subfield>
    <subfield code="7">0</subfield>
    <subfield code="8">DOM</subfield>
    <subfield code="a">BPMET</subfield>
    <subfield code="b">BPMET</subfield>
    <subfield code="d">2015-09-10</subfield>
    <subfield code="l">0</subfield>
    <subfield code="p">BPMET15090041</subfield>
    <subfield code="r">2015-09-10</subfield>
    <subfield code="t">v. 2, part. 2</subfield>
    <subfield code="w">2015-09-10</subfield>
    <subfield code="y">BK</subfield>
  </datafield>
  <datafield tag="952" ind1=" " ind2=" ">
    <subfield code="0">0</subfield>
    <subfield code="1">0</subfield>
    <subfield code="2">ddc</subfield>
    <subfield code="4">0</subfield>
    <subfield code="7">0</subfield>
    <subfield code="8">DOM</subfield>
    <subfield code="a">BPMET</subfield>
    <subfield code="b">BPMET</subfield>
    <subfield code="d">2015-09-10</subfield>
    <subfield code="l">0</subfield>
    <subfield code="p">BPMET15090042</subfield>
    <subfield code="r">2015-09-10</subfield>
    <subfield code="t">v. 3, part. 2</subfield>
    <subfield code="w">2015-09-10</subfield>
    <subfield code="y">BK</subfield>
  </datafield>
  <datafield tag="952" ind1=" " ind2=" ">
    <subfield code="0">0</subfield>
    <subfield code="1">0</subfield>
    <subfield code="2">ddc</subfield>
    <subfield code="4">0</subfield>
    <subfield code="7">0</subfield>
    <subfield code="8">DOM</subfield>
    <subfield code="a">BPMET</subfield>
    <subfield code="b">BPMET</subfield>
    <subfield code="d">2015-09-10</subfield>
    <subfield code="l">0</subfield>
    <subfield code="p">BPMET15090043</subfield>
    <subfield code="r">2015-09-10</subfield>
    <subfield code="t">v. 4, part. 2</subfield>
    <subfield code="w">2015-09-10</subfield>
    <subfield code="y">BK</subfield>
  </datafield>
  <datafield tag="956" ind1=" " ind2=" ">
    <subfield code="a">VMATEO</subfield>
    <subfield code="b">10</subfield>
    <subfield code="c">20150813</subfield>
    <subfield code="l">BPMSU</subfield>
    <subfield code="h">00151</subfield>
  </datafield>
  <datafield tag="999" ind1=" " ind2=" ">
    <subfield code="c">8249</subfield>
    <subfield code="d">8249</subfield>
  </datafield>
</record>
